| 000 | 01061nam0a2200325 4500 | ||
|---|---|---|---|
| 001 | RU\NLR\bibl\1086646 | ||
| 005 | 20250615051608.0 | ||
| 010 |
_a5-93567-155-7 _9600 |
||
| 021 |
_aRU _b2007-22917 _91211 |
||
| 035 | _a(NLR Aleph) 001073806 | ||
| 090 |
_a1015483 _c1015483 |
||
| 100 | _a20070516d2006 |||y0rusy50 ca | ||
| 101 | 0 | _arus | |
| 102 | _aRU | ||
| 105 | _ay ||||||||| | ||
| 200 | 1 |
_a"О, сколько нам открытий чудных..." _fВладимир Весов |
|
| 210 |
_aВолгоград _cСтаница-2 _d2006 |
||
| 215 |
_a94, [2] с. _d17 |
||
| 320 | _aБиблиогр.: с. 94-95 | ||
| 607 |
_aГородищенский район (Волгоградская область) _xИстория _92478136 _3RU\NLR\auth\661471303 |
||
| 686 | _aТ3(2Р-4Во) | ||
| 700 | 1 |
_aВесов _bВ. И. _gВладимир Иванович _4070 |
|
| 801 | 0 |
_aRU _bNLR _c20070516 _gRCR |
|
| 801 | 1 |
_aRU _bNLR _c20070516 |
|
| 830 | _aпо кн. | ||
| 942 | _cBOOK | ||
| 980 | _aNB | ||
| 980 | _aNBR | ||